000
00273nam a22001217a 4500
008
170330b xxu||||| |||| 00| 0 eng d
041
_a
eng
080
_a
616-053.2
100
_a
8
101
_a
SHM
245
_a
THE BODY FLUIDS IN PEDIATRICS
_c
WINTERS.W.R
942
_2
udc
_c
BK
999
_c
9094
_d
9094